| 000 | 00700nam a22002057a 4500 | ||
|---|---|---|---|
| 005 | 20140728152309.0 | ||
| 010 | _aENG-110049 | ||
| 020 |
_a9789380607948 _c1295.00 |
||
| 035 | _aEN-93582 | ||
| 037 | _bDBAD/PUB | ||
| 082 | _a387.1 | ||
| 245 |
_aVanguards of globalization : _cedited by Rila Mukherjee _bport-cities from the classical to the modern / |
||
| 260 |
_a Delhi _bPrimus Books _c2014 |
||
| 270 |
_aVirat Bhavan ,Mukherjee Nagar Commercial Complex _b Delhi _e110009 |
||
| 300 |
_axvi,425p. : _bill.,maps _c24cm(Hb) |
||
| 490 | _aIssues in history | ||
| 500 | _aIncludes bibliographical references and index | ||
| 700 | _aMukherjee, Rila | ||
| 942 |
_2ddc _cEN _mVAN _h387.1 |
||
| 999 |
_c84413 _d84413 |
||